LEADER 02599nam0 22005653i 450 001 VAN00263373 005 20240806101512.12 017 70$2N$a9783642455896 100 $a20230918d1984 |0itac50 ba 101 $aeng 102 $aDE 105 $a|||| ||||| 200 1 $aModelling of Patterns in Space and Time$eProceedings of a Workshop held by the Sonderforschungsbereich 123 at Heidelberg July 4?8, 1983$fedited by W. Jäger and J. D. Murray 210 $aBerlin$cSpringer$d1984 215 $aviii, 410 p.$d24 cm 410 1$1001VAN00256120$12001 $aLecture Notes in Biomathematics$1210 $aBerlin$cSpringer$d1974-1993.$v55 606 $a34Cxx$xQualitative theory for ordinary differential equation [MSC 2020]$3VANC020690$2MF 606 $a34Dxx$xStability theory for ordinary differential equation [MSC 2020]$3VANC022333$2MF 606 $a35-XX$xPartial differential equations [MSC 2020]$3VANC019763$2MF 606 $a60-XX$xProbability theory and stochastic processes [MSC 2020]$3VANC020428$2MF 606 $a76Exx$xHydrodynamic stability [MSC 2020]$3VANC023441$2MF 606 $a76Zxx$xBiological fluid mechanics [MSC 2020]$3VANC035187$2MF 606 $a92-XX$xBiology and other natural sciences [MSC 2020]$3VANC020839$2MF 610 $aBacteria$9KW:K 610 $aCell culture$9KW:K 610 $aCells$9KW:K 610 $aGenome$9KW:K 610 $aLinear optimization$9KW:K 610 $aModeling$9KW:K 610 $aMorphogenesis$9KW:K 610 $aPopulation$9KW:K 610 $aSpace$9KW:K 610 $aTime$9KW:K 620 $dBerlin$3VANL000066 702 1$aJäger$bWilli$3VANV041896 702 1$aMurray$bJames D.$3VANV039076 712 $aSpringer $3VANV108073$4650 790 1$aJäger, W.$zJäger, Willi$3VANV261723 790 1$aJaeger, Willi$zJäger, Willi$3VANV261724 790 1$aMurray, James Dickson$zMurray, James D.$3VANV257094 790 1$aMurray, J.D.$zMurray, James D.$3VANV257095 790 1$aMurray, J. D.$zMurray, James D.$3VANV257096 801 $aIT$bSOL$c20260410$gRICA 856 4 $uhttps://doi.org/10.1007/978-3-642-45589-6$zE-book ? Accesso al full-text attraverso riconoscimento IP di Ateneo, proxy e/o Shibboleth 899 $aBIBLIOTECA DEL DIPARTIMENTO DI MATEMATICA E FISICA$1IT-CE0120$2VAN08 912 $fN 912 $aVAN00263373 950 $aBIBLIOTECA DEL DIPARTIMENTO DI MATEMATICA E FISICA$d08DLOAD e-book 6633 $e08eMF6633 20230927 996 $aModelling of patterns in space and time$9343751 997 $aUNICAMPANIA